00608nam a2200169Ia 4500008004100000020001500041041001200056082001600068100001600084245006900100260004000169300000800209650001600217942000700233999001500240952018300255221030s9999 xx 000 0 und d a8188458031 aEnglish a105.23bSae aS. H. Saeed 0aAutomatic Control Systems (with Matlab Programs)cby S. H. Saeed bS.K Kataria & SonsaNew Delhic2006 a659 aBE Computer cBK c3583d3583 pBE 9083g200.00l1o105.23 Saer2024-06-13 00:00:00s2023-04-15w2022-10-30yBK003Print4070aMIETLIBbMIETLIBcBL-Academic Block C, FL-2, CUP-32, SH-6, R-6d2006-12-0410HBE